000 00317nam a22001337a 4500
008 170627b xxu||||| |||| 00| 0 eng d
020 _a9780393978117
041 _aeng
080 _a82
100 _a21
101 _aGJL
245 _aTHE NORTON ANTHOLOGY OF WORLD LITERATURE
_cBERGGREN.P
942 _2udc
_cBK
999 _c19286
_d19286